Killer energy / (Record no. 4120)

MARC details
000 -LEADER
fixed length control field 00769nam a22002657a 4500
001 - CONTROL NUMBER
control field 4120
003 - CONTROL NUMBER IDENTIFIER
control field FISKH
005 - DATE AND TIME OF LATEST TRANSACTION
control field 20240927113357.0
008 - FIXED-LENGTH DATA ELEMENTS--GENERAL INFORMATION
fixed length control field 240607b cb ||||| |||| 00| 0 eng d
020 ## - INTERNATIONAL STANDARD BOOK NUMBER
International Standard Book Number 9781407109602
040 ## - CATALOGING SOURCE
Original cataloging agency FISKH
Language of cataloging eng
Transcribing agency FISKH
Modifying agency FISKH
050 ## - LIBRARY OF CONGRESS CALL NUMBER
Classification number QC73.A76
082 ## - DEWEY DECIMAL CLASSIFICATION NUMBER
Classification number 531.6
100 ## - MAIN ENTRY--PERSONAL NAME
Personal name Arnold Nick
Dates associated with a name 1964-
245 ## - TITLE STATEMENT
Title Killer energy /
Statement of responsibility, etc. Nick Arnold
260 ## - PUBLICATION, DISTRIBUTION, ETC.
Place of publication, distribution, etc. New York :
Name of publisher, distributor, etc. Scholastic,
Date of publication, distribution, etc. 2009
300 ## - PHYSICAL DESCRIPTION
Extent 159 pages :
Other physical details illustrations ;
Dimensions 21 cm
505 ## - FORMATTED CONTENTS NOTE
Formatted contents note Q<br/>
520 ## - SUMMARY, ETC.
Summary, etc. Presents the details of why space loos spray out frozen pee and which chilling chemical can preserve pets.<br/>
521 8# - TARGET AUDIENCE NOTE
Target audience note 920<br/>
Source Lexile<br/>
521 8# - TARGET AUDIENCE NOTE
Target audience note Q<br/>
Source Raz-Plus<br/>
700 ## - ADDED ENTRY--PERSONAL NAME
Personal name Nick Arnold
942 ## - ADDED ENTRY ELEMENTS (KOHA)
Source of classification or shelving scheme Dewey Decimal Classification
Koha item type Books
Suppress in OPAC No
Holdings
Withdrawn status Lost status Source of classification or shelving scheme Damaged status Not for loan Collection Home library Current library Shelving location Date acquired Total Checkouts Full call number Barcode Date last seen Date last checked out Copy number Price effective from Koha item type
    Dewey Decimal Classification     Non-Fiction Footprints International School Library Network Toul Kork Campus Footprints International School Library Network Toul Kork Campus TTP Secondary Non-Fiction Bookshelves 06/07/2024 1 ARN QC73.A76 531.6 2024-0841 12/02/2025 12/02/2025 1 06/07/2024 Books
    Dewey Decimal Classification     Non-Fiction Footprints International School Library Network Toul Kork Campus Footprints International School Library Network Toul Kork Campus TTP Secondary Non-Fiction Bookshelves 06/07/2024   ARN QC73.A76 531.6 FIS20944 09/27/2024   2 06/07/2024 Books